000 00552nam a2200193Ia 4500
003 GCL
008 140319s9999 xx 000 0 ara d
040 _aGCL /
_cGCL
082 0 4 _aق
_b923
_bع م
100 1 _aعباس حافظ
245 1 0 _aمصطفى النحاس /
_cعباس حافظ
260 _aالقاهرة :
_bدار الكتب المصرية ،
_c1937
300 _a544 ص ؛
_c24 سم
490 _a
650 0 4 _aسعد زغلول
650 0 4 _aمصطفى النحاس
650 0 4 _aالزعماء - تراجم
942 _2ddc
_cBK
999 _c59016
_d59016